| 000 | 00321nam a22001217a 4500 | ||
|---|---|---|---|
| 008 | 230623b xxu||||| |||| 00| 0 eng d | ||
| 020 | _a10000438 | ||
| 082 |
_a330 _bLIP 1983 |
||
| 245 | _aAn Introduction to Positive Economics | ||
| 260 |
_aLondon _bWeidenfield & Nicolson Ltd _c1983 |
||
| 300 | _aXIX,790p | ||
| 942 |
_2ddc _cBK |
||
| 999 |
_c2503 _d2503 |
||